Reinžiniering v slovenských podnikoch? zamyslenie nad výsledkami jedného dotazníkového prieskumu
Dotazníkový prieskum v priemyselných podnikoch SR, zameraný na problémy reinžinieringu. Metodika prieskumu a hlavné výsledky. Problémy tvorby podnikovej stratégie. Reinžiniering a podniková kultúra. Skúsenosti zo zavádzania systémov kvality v slovenských firmách (so zreteľom na vplyv ľudského faktor...
Guardado en:
| Autor principal: | |
|---|---|
| Otros Autores: | , |
| Formato: | Capítulo de libro |
| Lenguaje: | eslovaco |
| Materias: | |
| Etiquetas: |
Sin Etiquetas, Sea el primero en etiquetar este registro!
|
MARC
| LEADER | 00000naa a2200000 4500 | ||
|---|---|---|---|
| 001 | r035645 | ||
| 005 | 20230929072455.1 | ||
| 041 | 0 | |a slo | |
| 044 | |a SK | ||
| 245 | 1 | 0 | |a Reinžiniering v slovenských podnikoch? |b zamyslenie nad výsledkami jedného dotazníkového prieskumu |c Monika Šestáková, Edita Hekelová, Katarína Maletzová |
| 520 | |a Dotazníkový prieskum v priemyselných podnikoch SR, zameraný na problémy reinžinieringu. Metodika prieskumu a hlavné výsledky. Problémy tvorby podnikovej stratégie. Reinžiniering a podniková kultúra. Skúsenosti zo zavádzania systémov kvality v slovenských firmách (so zreteľom na vplyv ľudského faktora). | ||
| 610 | 2 | 0 | |a reengineering |
| 610 | 2 | 0 | |a podnik |
| 610 | 2 | 0 | |a Slovensko |
| 610 | 2 | 0 | |a dotazníky |
| 610 | 2 | 0 | |a podnik stredný |
| 610 | 2 | 0 | |a podnik veľký |
| 610 | 2 | 0 | |a stratégia podniková |
| 610 | 2 | 0 | |a kultúra podniková |
| 610 | 2 | 0 | |a systém riadenia kvality |
| 100 | 1 | |a Šestáková, Monika | |
| 700 | 1 | |a Hekelová, Edita | |
| 700 | 1 | |a Maletzová, Katarína | |